<?xml version="1.0" encoding="UTF-8"?>
<record
    xmlns:xsi="http://www.w3.org/2001/XMLSchema-instance"
    xsi:schemaLocation="http://www.loc.gov/MARC21/slim http://www.loc.gov/standards/marcxml/schema/MARC21slim.xsd"
    xmlns="http://www.loc.gov/MARC21/slim">

  <leader>02582cam a22002894a 4500</leader>
  <controlfield tag="001">12475212</controlfield>
  <controlfield tag="003">OSt</controlfield>
  <controlfield tag="005">20221011115901.0</controlfield>
  <controlfield tag="008">010518s2001    sz a     bf  i000 0 eng d</controlfield>
  <datafield tag="020" ind1=" " ind2=" ">
    <subfield code="a">0967801400</subfield>
  </datafield>
  <datafield tag="040" ind1=" " ind2=" ">
    <subfield code="c">LC</subfield>
  </datafield>
  <datafield tag="042" ind1=" " ind2=" ">
    <subfield code="a">pcc</subfield>
  </datafield>
  <datafield tag="043" ind1=" " ind2=" ">
    <subfield code="a">f------</subfield>
  </datafield>
  <datafield tag="050" ind1="0" ind2="0">
    <subfield code="a">QR414.6.H58.H91</subfield>
  </datafield>
  <datafield tag="245" ind1="0" ind2="2">
    <subfield code="a">HIV vaccine handbook. /</subfield>
    <subfield code="c">[edited by] Bill Snow</subfield>
  </datafield>
  <datafield tag="260" ind1=" " ind2=" ">
    <subfield code="a">Washington:</subfield>
    <subfield code="b">AIDS Vaccine Advocacy Coalition,</subfield>
    <subfield code="c">1999.</subfield>
  </datafield>
  <datafield tag="300" ind1=" " ind2=" ">
    <subfield code="a">xix, 289 p. :</subfield>
    <subfield code="b">ill. ;</subfield>
    <subfield code="c">30 cm.</subfield>
  </datafield>
  <datafield tag="440" ind1=" " ind2="0">
    <subfield code="a">UNAIDS best practice collection.</subfield>
    <subfield code="p">Key material</subfield>
    <subfield code="9">614</subfield>
  </datafield>
  <datafield tag="504" ind1=" " ind2=" ">
    <subfield code="a">Includes bibliographical references [p. 255 - 256)] and index.</subfield>
  </datafield>
  <datafield tag="505" ind1="0" ind2=" ">
    <subfield code="a">Contents: Background: Timeline -- Why we need AIDS vaccine activism -- Working with communities: 1991 -- Vaccine vs. cure: an HIV-positive perspective -- Experimental science -- Participant issues: A discussion of community concerns -- Consenting adults -- The phases of clinical trials -- Efficacy trials -- Working with communities: 1992 -- Vaccine preparedness studies -- Vaccine scientists -- Is it safe? -- Government regulation of vaccine trials -- HIV vaccines and human rights -- Social, ethical and political considerations, AIDS action foundation working group -- Social harms: NIAID's approach, division, division of AIDS, NIAID -- Securing participant rights in the United States -- Participant's bill of rights, HIVNET National Community Advisory Board -- Post-exposure prophylaxis and vaccine trial participation -- Vaccine trial participation -- Vaccine trials and black Americans -- Women and other socially or economically vulnerable groups -- Ethics of international trials: UNAIDS consultation -- Advocacy: How long it takes -- Plenary address: vaccine advocates forum -- Community advisory boards -- Stages of development -- The HIV  vaccine pipeline -- Private-sector AIDS vaccine research in disorder, AVAC -- Report finds Clinton's 10-year goal in jeopardy, AVAC -- Approaches: Vaccine basics -- Human immunodeficiency virus (HIV-1) -- Vaccine approaches currently in development -- Monkey trials: animal studies for AIDS vaccines -- VaxGen: pushing the envelope -- National institutes of health: ALVAC prime and boost -- The alphabeticals: non-profits that support AIDS vaccines -- Attenuated HIV: Mad doctors an dmedia -- Vancouver debates --  </subfield>
  </datafield>
  <datafield tag="650" ind1=" " ind2="0">
    <subfield code="a">AIDS vaccines</subfield>
    <subfield code="9">615</subfield>
  </datafield>
  <datafield tag="650" ind1=" " ind2="0">
    <subfield code="a">AIDS (Disease)</subfield>
    <subfield code="9">616</subfield>
  </datafield>
  <datafield tag="700" ind1="1" ind2=" ">
    <subfield code="a">Snow, Bill.</subfield>
    <subfield code="9">617</subfield>
  </datafield>
  <datafield tag="906" ind1=" " ind2=" ">
    <subfield code="a">7</subfield>
    <subfield code="b">cbc</subfield>
    <subfield code="c">copycat</subfield>
    <subfield code="d">2</subfield>
    <subfield code="e">ncip</subfield>
    <subfield code="f">20</subfield>
    <subfield code="g">y-gencatlg</subfield>
  </datafield>
  <datafield tag="942" ind1=" " ind2=" ">
    <subfield code="2">lcc</subfield>
    <subfield code="c">BK</subfield>
  </datafield>
  <datafield tag="999" ind1=" " ind2=" ">
    <subfield code="c">9277</subfield>
    <subfield code="d">16777</subfield>
  </datafield>
  <datafield tag="952" ind1=" " ind2=" ">
    <subfield code="0">0</subfield>
    <subfield code="1">0</subfield>
    <subfield code="2">lcc</subfield>
    <subfield code="4">0</subfield>
    <subfield code="7">0</subfield>
    <subfield code="a">WIUC-KL</subfield>
    <subfield code="b">WIUC-KL</subfield>
    <subfield code="c">NURS L.</subfield>
    <subfield code="d">2019-06-27</subfield>
    <subfield code="o">QR414.6.H58.H67</subfield>
    <subfield code="p">KSN/151/19</subfield>
    <subfield code="r">2022-10-11 00:00:00</subfield>
    <subfield code="w">2022-10-11</subfield>
    <subfield code="y">BK</subfield>
  </datafield>
</record>
